|
ห้องสมุด วิทยาลัยพยาบาลบรมราชชนนี อุดรธานี
Boromarajonani College of Nursing, Udonthani
|


|
mysqli: Table './ulib2015/stat_globaluid' is marked as crashed and last (automatic?) repair failed
select id from stat_globaluid where statuid='20260418195921_2091'
mysqli: Table './ulib2015/stat_globaluid' is marked as crashed and last (automatic?) repair failed
DELETE FROM stat_globaluid
WHERE id NOT IN (
SELECT id
FROM (
SELECT id
FROM stat_globaluid
ORDER BY id DESC
LIMIT 100
) foo
);
mysqli: Table './ulib2015/stat_globaluid' is marked as crashed and last (automatic?) repair failed
insert into stat_globaluid set
statuid='20260418195921_2091',
dt='1776517161',
phpself='/ULIB/dublinfull.php',
agent='Mozilla/5.0 AppleWebKit/537.36 (KHTML, like Gecko; compatible; ClaudeBot/1.0; +claudebot@anthropic.com)',
yea='2026',
mon='4',
dat='18',
ip='216.73.216.142'
| LEADER 00566nam 2200193 a 4500 |
| 001 9385 |
| 003 ULIBM |
| 008 010311s2533 th m a000 0 tha d |
| 024 974-578-265-3
|
| 050 4 ^a HD ^bป242น 2533.
|
| 245 ^a ^a1111 |
| 250 ^a พิมพ์ครั้งที่ 3.
|
| 300 ^a 384 หน้า
|
| 650 7 ^a นโยบายและการวางแผน:^bหลักการและทฤษฎี.
|
| 710 2 ^a ประชุม รอดประเสริฐ.
|
| 945 ^p0^l0^i5287
|
| 945 ^p0^l0^i10436
|
| 945 ^p0^l0^i10442
|
| 945 ^p0^l0^i17149
|
| 945 ^p0^l0^i17150 |
| 999 ^aลิขิตลักษณ์
|
| คุณยังไม่ได้ล็อกอิน คุณสามารถมีกิจกรรมร่วมกับเว็บไซต์ได้ แต่ต้องล็อกอินก่อน :: |
|
| ลำดับที่ |
ประเภท |
เลขเรียก/บาร์โค้ด |
สถานที่ |
สถานะ |
| 1. |
 หนังสือภาษาไทย | HD ป242น 2533. Barcode: 5287 | หนังสือทั่วไป | On Shelf |
| 2. |
 หนังสือภาษาไทย | HD ป242น 2533. ฉ.2 Barcode: 10436 | หนังสือทั่วไป | On Shelf |
| 3. |
 หนังสือภาษาไทย | HD ป242น 2533. ฉ.3 Barcode: 10442 | หนังสือทั่วไป | On Shelf |
| 4. |
 หนังสือภาษาไทย | HD ป242น 2533. ฉ.4 Barcode: 17149 | หนังสือทั่วไป | On Shelf |
| 5. |
 หนังสือภาษาไทย | HD ป242น 2533. ฉ.5 Barcode: 17150 | หนังสือทั่วไป | On Shelf |
| [แสดง 5/5 รายการ] |
mysqli: Can't create/write to file '/var/tmp/#sql_59d_0.MAI' (Errcode: 2)
select * from index_db where titl like '%นโยบายและการวางแผน : หลักการ และทฤษฎี/ ประชุม รอดประเสริฐ.%' and mid<>'9385' order by rand() limit 3
mysqli: Can't create/write to file '/var/tmp/#sql_59d_0.MAI' (Errcode: 2)
select * from index_db where subj like '%นโยบายและการวางแผน: หลักการและทฤษฎี.%' and mid<>'9385' order by rand() limit 3
|
ยังไม่เคยถูกคอมเมนท์
|
| คอมเมนท์ทรัพยากรรายการนี้ |
|